000 00323nam a22001217a 4500
003 SGT
082 _a891.4309
_bP20G
100 _aगुप्ता, श्याम
245 _aप्रेरणा पुष्प भाग - 8
260 _bएकल प्रकाशन
_c2020
300 _a322
942 _2ddc
_cBK
999 _c31253
_d31253